000 00712nam a2200205Ia 4500
999 _c46429
_d46429
003 GCL
005 20240530104321.0
008 140319s1993 le c 000 0 ara d
040 _aGCL /
_cGCL
082 0 4 _a785.92/
_bم م
100 1 _aمدبك، جورج
245 1 0 _aمونتيفردى
_b: كلوديو مونتيفردى = Claudio Monteverdi /
_cاعداد جورج مدبك
260 _aبيروت :
_bدار الراتب الجامعية،
_c1993.
300 _aمتعدد :
_bصور ؛
_c19 سم.
490 0 _aعالم الموسيقين ؛
_v1.
650 0 4 _aالتراجم
650 0 4 _aالموسيقيون الايطاليون
650 0 4 _aالموسيقيون
_vتراجم
942 _2ddc
_cBK